Bristol, Bath and Swindon (Record no. 77773)

MARC details
000 -LEADER
fixed length control field 01022cab a2200229 4500
001 - CONTROL NUMBER
control field ##L135049
008 - FIXED-LENGTH DATA ELEMENTS--GENERAL INFORMATION
fixed length control field 060921n2006 000 0 eng u
035 ## - SYSTEM CONTROL NUMBER
System control number (Sirsi) u135049
041 0# - LANGUAGE CODE
Language code of text/sound track or separate title eng
100 1# - MAIN ENTRY--PERSONAL NAME
Personal name Eade, Christine
245 00 - TITLE STATEMENT
Title Bristol, Bath and Swindon
260 ## - PUBLICATION, DISTRIBUTION, ETC.
Date of publication, distribution, etc. 2006
490 #0 - SERIES STATEMENT
Series statement Property Week
Volume/sequential designation 71(37) 15 September 2006, 97-117(8)
520 ## - SUMMARY, ETC.
Summary, etc. Discusses Deeley Freed Estates' plans to redevelop the St Mary le Port area of Bristol; examines how the regeneration of south Bristol is being held up due to poor transport links; Looks at the boost to retail property in Bath which has resulted from the opening of the Bath spa and the proposed redevelopment of the Southgate shopping centre and considers the decreasing supply of land in Bristol, particularly for small industrial units. Graphs.
590 ## - LOCAL NOTE (RLIN)
Local note IKA031006
651 #4 - SUBJECT ADDED ENTRY--GEOGRAPHIC NAME
Geographic name BRISTOL
651 #4 - SUBJECT ADDED ENTRY--GEOGRAPHIC NAME
Geographic name BATH
651 #4 - SUBJECT ADDED ENTRY--GEOGRAPHIC NAME
Geographic name SWINDON
690 ## - LOCAL SUBJECT ADDED ENTRY--TOPICAL TERM (OCLC, RLIN)
Topical term or geographic name as entry element PROPERTY-COMMERCIAL PROPERTY-COMMERCIAL PROPERTY MARKET
700 1# - ADDED ENTRY--PERSONAL NAME
Personal name Watts, Tony
942 ## - ADDED ENTRY ELEMENTS (KOHA)
Suppress in OPAC 0
Holdings
Withdrawn status Lost status Source of classification or shelving scheme Damaged status Not for loan Home library Current library Shelving location Date acquired Total Checkouts Full call number Barcode Date last seen Copy number Price effective from Koha item type
    Dewey Decimal Classification     London London Journal article 21/09/2006   L135049 135049-1001 06/08/2019 1 06/08/2019 Journal article